000
00287nam a22001337a 4500
008
210511b ||||| |||| 00| 0 eng d
041
_a
eng
080
_2
2nd
_a
573
082
_a
573
100
_a
11
101
_a
BIO
245
_a
Animal Physiology
_c
Knut S. Nielsen
942
_2
udc
_c
BK
999
_c
57248
_d
57248